| 000 | 00800nam a22002895a 4500 | ||
|---|---|---|---|
| 001 | 15262350 | ||
| 003 | OSt | ||
| 005 | 20140310182009.0 | ||
| 008 | 080415s2009 pau 000 0 eng | ||
| 010 | _a 2008927220 | ||
| 020 | _a9780762435432 | ||
| 040 |
_aDLC _cDLC |
||
| 050 |
_aPZ 7 _b.B275 1993 |
||
| 082 |
_aKF _bB27p 1993 |
||
| 100 | 1 | _aBarrie, J. M. | |
| 245 | 1 | 0 |
_aPeter pan / _cJ. M. Barrie. |
| 260 |
_aNew York : _bScholastic, _cc1993. |
||
| 263 | _a0909 | ||
| 300 |
_a200 p. ; _c19 cm. |
||
| 541 | _j1 | ||
| 562 | _eFor circulation. 1 copy available in the collection | ||
| 650 |
_aPeter Pan (Fictitious character) _xFantasy _95791 |
||
| 700 | _aBarrie, J. M. | ||
| 906 |
_a0 _bibc _corignew _d2 _eepcn _f20 _gy-gencatlg |
||
| 942 |
_2lcc _cBK-KF _kKF |
||
| 999 |
_c8105 _d8105 |
||